| 000 | 00451nam a2200133 4500 | ||
|---|---|---|---|
| 999 |
_c14120 _d14120 |
||
| 008 | 190810b ||||| |||| 00| 0 eng d | ||
| 082 | _aDPer 050 T48 Apr-June 2016 v. 187 n. 12-24 | ||
| 100 |
_aZacharek, Stephanie. _939165 |
||
| 245 |
_aCivil war buffs captain America's star/ _cStephanie Zacharek. |
||
| 260 |
_aHong Kong: _bTime Asia, _cc2016. |
||
| 300 |
_av187 n18, page 44: _billustrations; _c27 cm. |
||
| 650 |
_aActors. _938912 |
||
| 942 |
_2ddc _cPER |
||